| 000 | 00620cab a2200229 4500 | ||
|---|---|---|---|
| 001 | ABS39113 | ||
| 008 | 090401t1988 xxu||||| |||| 00| 0 eng d | ||
| 035 | _a(Sirsi) u14507 | ||
| 041 | _aeng | ||
| 100 | _aHazell, T. | ||
| 245 | _aTo buy or not to buy? | ||
| 260 | _c1988 | ||
| 350 | _a0 | ||
| 490 |
_aProperty Director _v(8) Spring 1988, 35-39(3) |
||
| 520 | _aReports on the growing trend among small businesses to buy rather than rent premises. | ||
| 650 | _aCOMMERCIAL | ||
| 650 | _aOWNER-OCCUPATION | ||
| 650 | _aPROPERTY | ||
| 690 | _aPROPERTY-COMMERCIAL PROPERTY | ||
| 942 | _n0 | ||
| 948 | _c04/03/1997 | ||
| 999 |
_c9459 _d9459 |
||